000 00908nam a22002177a 4500
999 _c1060
_d1060
003 AR-CdUCM
008 190226b ||||| |||| 00| 0 spa d
040 _aMUNICIPALIDAD PROVINCIAL DEL CUSCO
_cBIBLIOTECA MUNICIPAL DEL CUSCO
082 _a320.937 /
_bF31
100 _aFayt, Carlos S.
_92616
245 _aEl pensamiento político en Roma :
_blecciones sobre historia de las ideas políticas /
260 _aArgentina :
_bBibliográfica Argentina,
_c1966.
300 _a85 páginas ;
_c20 cm.
440 _aAmérica en letras
_94145
505 _aContenido: Polibio: teoría de los ciclos políticos y de la forma mixta de gobierno -- El derecho romano: su evolución -- Origen de las sociedades y principalmente de monarquia y del reino -- Las formas de gobierno ...
650 _aRoma
_92474
650 _aHistoria
_9136
650 _aPolítica
_9291
942 _2ddc
_cLIBROS
945 _aafb
_d2019-02-26